00812 2200277 4500001002100000005001700021008004100038035002400079040001200103082000800115090001500123100001800138245009500156250001600251260003100267300002600298500002900324500004500353650002700398700001900425700002400444850001200468990001800480990001800498990001800516YOGYA-0209000002158120090227023544.0 ind  0010-020900000021581 aYOPDYOG a658 a658bKas O aKAST, Fremont aOrganisasi dan manajemencFremont E. Kast, James E. Rosenzweig ; penerjemah, A. Hasymi Ali aEd.4, cet.1 aJakartabBumi Aksarac1990 a...jilidbilusc21 cm aYang diterima : jl. I,II aJudul asli : Organization and management aManajemen - Organisasi aAli, A. Hasymi aRosenzwieg, James E aYOPDYOG a50051-P/94b1 a50048-P/94b1 a47343-P/94b1